| 000 | 00431cam a2200181 4500 | ||
|---|---|---|---|
| 001 | D7759 | ||
| 008 | 090401t1965 xxu||||| |||| 00| 0 eng d | ||
| 035 | _a(Sirsi) u9187 | ||
| 041 | _aeng | ||
| 050 | _a338.4369 | ||
| 100 | _aParry Lewis, J. | ||
| 245 | _aBuilding cycles and Britain`s growth | ||
| 260 |
_aLondon _bMacmillan and Co _c1965 |
||
| 300 | _axii. 396p. 23cm | ||
| 350 | _a2.25 | ||
| 942 | _n0 | ||
| 948 | _c04/03/1997 | ||
| 999 |
_c86613 _d86613 |
||